<?xml version="1.0" encoding="UTF-8"?><?xml-stylesheet type="text/xsl" href="static/style.xsl"?><OAI-PMH xmlns="http://www.openarchives.org/OAI/2.0/" xmlns:xsi="http://www.w3.org/2001/XMLSchema-instance" xsi:schemaLocation="http://www.openarchives.org/OAI/2.0/ http://www.openarchives.org/OAI/2.0/OAI-PMH.xsd"><responseDate>2026-04-18T05:58:25Z</responseDate><request verb="GetRecord" identifier="oai:www.recercat.cat:10459.1/469126" metadataPrefix="marc">https://recercat.cat/oai/request</request><GetRecord><record><header><identifier>oai:recercat.cat:10459.1/469126</identifier><datestamp>2025-11-25T19:35:41Z</datestamp><setSpec>com_2072_3622</setSpec><setSpec>col_2072_479130</setSpec></header><metadata><record xmlns="http://www.loc.gov/MARC21/slim" xmlns:dcterms="http://purl.org/dc/terms/" xmlns:xsi="http://www.w3.org/2001/XMLSchema-instance" xmlns:doc="http://www.lyncode.com/xoai" xsi:schemaLocation="http://www.loc.gov/MARC21/slim http://www.loc.gov/standards/marcxml/schema/MARC21slim.xsd">
   <leader>00925njm 22002777a 4500</leader>
   <datafield ind2=" " ind1=" " tag="042">
      <subfield code="a">dc</subfield>
   </datafield>
   <datafield ind2=" " ind1=" " tag="720">
      <subfield code="a">Moreno Gené, Josep</subfield>
      <subfield code="e">author</subfield>
   </datafield>
   <datafield ind2=" " ind1=" " tag="260">
      <subfield code="c">2024</subfield>
   </datafield>
   <datafield ind2=" " ind1=" " tag="520">
      <subfield code="a">This study analyses the arguments put forward by the STS (Administrative Litigation Chamber) of 20 May 2024 to deny the right of an associate professor at the University of Granada to access the evaluation procedure for his teaching and research activity, in order to determine whether or not this contradicts the doctrine contained in the judgments of the Social Chamber of the Supreme Court of 10 December 2020 and 25 January 2023 which, in relation to temporary teaching and research staff, including associate professors, at public universities in Madrid, had concluded that he did have the right to subject his teaching and research activity to evaluation.</subfield>
   </datafield>
   <datafield ind2=" " ind1=" " tag="520">
      <subfield code="a">En  este  estudio  se  analizan  los  argumentos  esgrimidos  en  la  sentencia  del  Tribunal  Supremo (Sala de lo Contencioso-Administrativo) de 20.5.2024 para denegar el derecho de  un  profesor  asociado  de  la  Universidad  de  Granada  a  acceder  al  procedimiento  de  evaluación de su actividad docente e investigadora, con la finalidad de determinar si la misma contradice o no la doctrina recogida en las sentencias de la Sala de lo Social del Tribunal Supremo de 10.12.2020 y de 25.1.2023 que, en relación con el personal docente e  investigador  laboral  temporal,  incluido  el  profesorado  asociado,  de  las  universidades  públicas  madrileñas,  habían  concluido  que  el  mismo  sí  tenía  derecho  a  someter  su  actividad docente e investigadora a evaluación.</subfield>
   </datafield>
   <datafield ind2=" " ind1=" " tag="520">
      <subfield code="a">Este  trabajo  se  enmarca  en  el  Proyecto  de  investigación  en  el  que  colaboro,  PID2020-113929GB-100,  sobre los límites de la autonomía de las universidades públicas</subfield>
   </datafield>
   <datafield ind1="8" ind2=" " tag="024">
      <subfield code="a">http://hdl.handle.net/10459.1/469126</subfield>
   </datafield>
   <datafield tag="653" ind2=" " ind1=" ">
      <subfield code="a">Personal docente e investigador laboral</subfield>
   </datafield>
   <datafield tag="653" ind2=" " ind1=" ">
      <subfield code="a">Profesores asociados</subfield>
   </datafield>
   <datafield tag="653" ind2=" " ind1=" ">
      <subfield code="a">Quinquenios docentes</subfield>
   </datafield>
   <datafield ind2="0" ind1="0" tag="245">
      <subfield code="a">¿Existe contradicción entre la jurisdicción laboral y la contencioso-administrativa respecto al reconocimiento de quinquenios de docencia y sexenios de investigación del profesorado asociado? A propósito de la sentencia del Tribunal Supremo (Sala de lo contencioso-administrativo) de 20 de mayo de 2024</subfield>
   </datafield>
   <datafield ind2="0" ind1="0" tag="245">
      <subfield code="a">Is  there  a  contradiction  between  the  labor  jurisdiction  and  the  administrative  jurisdiction regarding the recognition of five-year teaching periods and six-year research periods  for  associated  professors?  Regarding  the  judgment  of  the  Tribunal  Supremo  (Administrative Litigation Chamber) of May 20, 2024</subfield>
   </datafield>
</record></metadata></record></GetRecord></OAI-PMH>